| 000 | 00650nam a2200205Ia 4500 | ||
|---|---|---|---|
| 003 | GCL | ||
| 008 | 140319s9999 xx 000 0 ara d | ||
| 040 |
_aGCL / _cGCL |
||
| 082 | 0 | 4 |
_a791.43 _bن ش |
| 100 | 1 | _aناجى فوزى | |
| 245 | 1 | 0 |
_aالشرطة فى عيون السينما المصرية / _cناجى فوزى |
| 700 | 1 | _aرؤوف الحناوى | |
| 300 | _a313 ص | ||
| 490 |
_aالهيئة العامة للاستعلامات _v0 |
||
| 650 | 0 | 4 | _aالافلام السينمائية |
| 650 | 0 | 4 | _aالسينما |
| 650 | 0 | 4 | _aالتصوير السينمائى |
| 650 | 0 | 4 | _aالتمثيل فى السينما |
| 942 |
_2ddc _cBK |
||
| 999 |
_c49995 _d49995 |
||